000 01004cam a2200253 4500
001 ##L134675
008 060824n2006 000 0 eng u
020 _a0110745817
035 _a(Sirsi) u134675
041 0 _aeng
245 0 4 _aThe Land Registration Fee Order 2006
260 _aLondon
_bTSO
_c2006
490 _aSI
_v2006: 1332
520 _aMakes changes to land registration fees. Replaces the Land Registration Fee Order 2004 (as amended by the Land Registration Fee (Amendment) Order 2004).
590 _aIKA050906
650 2 4 _aLAND REGISTRATION FEE ORDER 2006
650 2 4 _aLAND REGISTRATION RULES 2003.
650 2 4 _aLAND REGISTRATION FEE ORDER 2006
650 2 4 _aLAND REGISTRATION FEE ORDER 2004
651 4 _aEngland and Wales
_y1543-
690 _aPROPERTY-PROPERTY ACQUISITION AND DISPOSAL-REGISTRATION OF TITLE TO PROPERTY-LAND REGISTRATION
856 4 0 _uhttps://www.opsi.gov.uk/si/si2006/20061332.htm
_zView the Order free of charge at www.opsi.gov.uk...
942 _n0
999 _c105767
_d105767